| 000 | 00691nam a22002057a 4500 | ||
|---|---|---|---|
| 005 | 20251108173327.0 | ||
| 008 | 250721s9999 xx 000 0 ara d | ||
| 082 | 1 | 4 | _aط/ 597 /عبد |
| 100 | 1 | _aعبد الكافي، إسماعيل عبد الفتاح | |
| 245 | 1 | 0 | _aالحياة في أعماق البحار / |
| 264 | 1 |
_aالقاهرة : _bدار المعارف، _c[19-]. |
|
| 490 | 0 |
_aماذا تعلم عن _v13 |
|
| 650 | 1 | 7 | _aالنباتات المائية |
| 650 | 1 | 7 | _aالحيوانات المائية |
| 650 | 1 | 7 | _aقاع البحر |
| 653 | _aناشئون صغار (10-14 سنة) | ||
| 700 | 1 |
_aبدران، منال _eCart. |
|
| 942 |
_2ddc _cBK |
||
| 999 |
_c101324 _d101324 |
||